Wissenschafts-Sponsoring. Grundlagen, Besonderheiten und Beispiele.
Sponzorovanie vedy a jeho potenciál ako nástroje marketingovej komunikácie. Miesto sponzorovania vedy v systéme sponzorovania. Vymedzenie sponzorovania vedy a špecifické formy spolupráce vedy a ekonomiky. Klasifikácie možných adresátov sponzorovania vo vede. Možnosti využitia sponzorstva vedy. Zabez...
Saved in:
| Main Author: | |
|---|---|
| Other Authors: | |
| Format: | Book Chapter |
| Language: | German |
| Subjects: | |
| Tags: |
No Tags, Be the first to tag this record!
|
MARC
| LEADER | 00000naa a2200000 4500 | ||
|---|---|---|---|
| 001 | r010166 | ||
| 005 | 20221130113422.0 | ||
| 041 | 0 | |a ger | |
| 044 | |a DE | ||
| 245 | 1 | 0 | |a Wissenschafts-Sponsoring. |b Grundlagen, Besonderheiten und Beispiele. |c A. Hermanns, M. Püttmann |
| 520 | |a Sponzorovanie vedy a jeho potenciál ako nástroje marketingovej komunikácie. Miesto sponzorovania vedy v systéme sponzorovania. Vymedzenie sponzorovania vedy a špecifické formy spolupráce vedy a ekonomiky. Klasifikácie možných adresátov sponzorovania vo vede. Možnosti využitia sponzorstva vedy. Zabezpečenie vnútornej a vonkajšej akceptácie sponzorovania. Príklady sponzorovania. | ||
| 610 | 2 | 0 | |a sponzorovanie |
| 610 | 2 | 0 | |a veda |
| 610 | 2 | 0 | |a marketing |
| 610 | 2 | 0 | |a komunikácia |
| 610 | 2 | 0 | |a klasifikácia |
| 610 | 2 | 0 | |a adresáre |
| 100 | 1 | |a Hermanns, A. | |
| 700 | 1 | |a Püttmann, M. | |